000 00495ntaaa2200181 4500
003 01
005 20251027202415.0
008 0714s1973 ag 01
040 _aAR-BaBN
_bspa
_cAR-BaBN
_eaacr
_dRIC
082 _a286.5000 Yo7
100 _aYoccou, Raul Caballero
_922897
245 _aHermanos Libres por qué?
250 _a1 ed.
260 _aBuenos Aires :
_bDILE,
_c1964
300 _a113 p
500 _aBreve comentario sobre el comienzo de un movimiento utilizado por Dios
942 _cBK
999 _c19004
_d19004